| 000 | 01005nam a22003017a 4500 | ||
|---|---|---|---|
| 001 | 4870 | ||
| 003 | FISKH | ||
| 005 | 20250820104754.0 | ||
| 008 | 241022b cb ||||| |||| 00| 0 eng d | ||
| 020 | _a9780439684514 | ||
| 040 |
_aFISKH _beng _cFISKH _dFISKH |
||
| 050 | _aPZ7.M6937 | ||
| 082 | _a813.54 | ||
| 100 |
_aMitchell, King Magaree _d(1953-) |
||
| 245 |
_aGranddaddy's gift / _cMaegaree King Mitchell Illustrated by Larry Johnson |
||
| 250 | _aFirst printing in 2004. | ||
| 260 |
_aNew York : _bScholastic, _c2004. |
||
| 300 |
_a28 pages : _bcolor illustrations ; _c28 cm |
||
| 505 | _aR | ||
| 520 | _aWhen her grandfather registers to vote while living in segregated Mississippi, an Afro-American girl begins to understand why he insists that she attend school. | ||
| 521 | 8 |
_a670
_bLexile |
|
| 521 | 8 |
_aR
_bRaz-Plus |
|
| 650 |
_2Voting _aFamily |
||
| 650 |
_2Grandparents _aAfrican American |
||
| 700 |
_aJohnson, Larry _dIllustrator |
||
| 942 |
_2ddc _cBK _n0 |
||
| 999 |
_c4870 _d4870 |
||